Titres films de l'anglais au français - Statistiques

Statistiques générales
  • Ce quiz a été pris 149 fois
  • Le résultat moyen est 5 sur 15
Statistiques - réponses
Hint Réponse % Correct
The godfather le parrain
94%
Up là-haut
79%
Wreck-it Ralph les mondes de ralph
56%
Tangled raiponce
56%
The fault in our stars nos étoiles contraires
37%
Poor things pauvres créatures
35%
Mean girls lolita malgré moi
34%
The notebook n'oublie jamais
21%
Soylent green soleil vert
19%
About time il était temps
13%
The help la couleur des sentiments
13%
Silver linings playbook hapiness therapy
8%
Cool runnings rasta rockett
6%
Uptown girls filles de bonne famille
5%
Revolutionary road les noces rebelles
5%
Aucun quiz correspondant
Distribution des résultats
% des personnes avec chaque résultat
Percentile par nombre de réponses
Votre historique - résultats
Vous n’avez pas pris ce quiz